00582 2200217 4500001002100000005001500021035002000036007000300056008004100059020002200100082000800122084001400130100002300144245008500167250001100252260003600263300002600299990001300325990001300338990001300351INLIS00000000000783420220222011716 a0010-0222000116ta220222 g 0 ind  a978-623-228-862-1 a801 a801 SUW t0 aSuwardi Endraswara1 aTEORI SASTRA SEPANJANG ZAMAN :bTokoh,Konsep, dan Aplikasi /cSuwardi Endraswara aCet. 1 aYogyakarta :bGraha Ilmu,c2021 a284 hlm ;c17 x 24 cm a022.5612 a022.5613 a022.5614